01688cam a2200349 i 45000010009000000050017000090080041000260100017000670200018000840400028001020420008001300430012001380500022001500820020001721000028001922450068002202640108002883000028003963360021004243370025004453380023004705050403004936500039008966510037009356510048009726510046010206510054010669060045011209420025011659990019011909520129012091775035520230124093546.0130523s2013 dcu b 001 0 eng  a 2013019577 a9781421411682 aDLCbengcDLCerdadDLC apcc an-us---00aHF1756b.K84 201300a382.973,KRI2231 aKrist, William.910748910aGlobalization and America's trade agreements / cWilliam Krist. 1aWashington, D.C. :bWoodrow Wilson Center Press ;aBaltimore :bJohns Hopkins University Press,c[2013] axvi, 283 pages ;c24 cm atext2rdacontent aunmediated2rdamedia avolume2rdacarrier a U.S. Trade Policy in Crisis (Page-1), America’s Trade Agreements (Page-23), Trade Agreements and Economic Theory (Page-67), Trade Agreements and U.S. Commercial Interests (Page-95), Foreign Policy: The Other Driver (Page-132), Economic Development: A Missed Opportunity (Page-156), Uneasy Neighbors: Trade and the Environment (Page-183), The Labor Dilemma (Page-211), The Way Forward (Page-231). 0aFree tradezUnited States.9107490 0aUnited StatesxCommerce.9107491 0aUnited StatesvCommercial treaties.9107492 0aUnited StatesxCommercial policy.9107493 0aUnited StatesxForeign economic relations.997719 a7bcbccorignewd1eecipf20gy-gencatlg 2ddccBKk382.973,KRI c592977d592977 00102ddc4070aMCSbMCScGENd2023-01-24l0o382.973,KRIpMCS37645r2023-01-24w2023-01-24yBKzAlmirah No.54, Shelf No. 4